| 000 | 01008nam a22003257a 4500 | ||
|---|---|---|---|
| 003 | DO-SdBPM | ||
| 005 | 20250409121037.0 | ||
| 008 | 180220b 1992 sp a || 00| 0 spa d | ||
| 020 | _a8434810034 | ||
| 040 |
_aDO-SdBPM _bspa _cBPMSU |
||
| 082 | 4 |
_a839.313 _bT318ti 1996 _222 |
|
| 100 | 1 |
_4Terlouw, Jan _d1931- |
|
| 240 | 1 | _aOom Willibrord / | |
| 245 |
_aEl tio Willibrord / _cJan Terlouw ; traducción Teodoro Larriba ; ilustraciones Ingrid Schubert y Dieter Schubert |
||
| 250 | _a11a. ed. | ||
| 260 |
_aMadrid : _bSM, _c1992. |
||
| 300 |
_a132 p. : _bil. ; _g20 cm |
||
| 490 | 0 |
_aEl barco de vapor; _aNaranja, _v12 |
|
| 521 | _aA partir de 9 años. | ||
| 590 | _aInventariado, 2025/VM | ||
| 650 | 4 | _aCuentos juveniles holandeses | |
| 700 | 1 |
_aLarriba, Teodoro _etrad. |
|
| 700 | 1 |
_aSchubert, Ingrid _eil. |
|
| 700 | 1 |
_aSchubert, Dieter _eil. |
|
| 830 | 0 |
_aEl barco de vapor _v12 |
|
| 830 | 0 | _aNaranja | |
| 942 |
_2ddc _cBK |
||
| 945 | _aInventariado, 2018/ YL | ||
| 956 |
_aYLOCKWARD _b10 _cBPMSU |
||
| 999 |
_c8445 _d8445 |
||